Μια εισαγωγή στη γραμμική άλγεβρα

Saved in:
Bibliographic Details
Main Author: Morris, A. O. (Alun Owen), 1935-
Other Authors: Δεριζιώτης, Δημήτρης Ι. (Translator)
Format: Book
Language:Greek
English
Published: Αθήνα : Γ. Α. Πνευματικός, c1980, 1986.
Subjects:
Tags: Add Tag
No Tags, Be the first to tag this record!

MARC

LEADER 00000cam a2200000 i 4500
001 1/33785
008 941103r19861980gr | ||| |||| ||gre||
020 |a 9789607258557 
035 |a 1988  |l 10039463 
040 |a GR-MyUa  |b gre  |e AACR2 
041 1 |a gre  |h eng 
082 7 |a 512.5   |2 (22) 
100 1 |a Morris, A. O.   |q (Alun Owen),   |d 1935- 
245 1 0 |a Μια εισαγωγή στη γραμμική άλγεβρα /   |c A. O. Morris ; μετάφραση Δ.Ι. Δεριζιώτη.  
260 |a Αθήνα :   |b Γ. Α. Πνευματικός,   |c c1980, 1986.  
300 |a 194 σ. ;   |c 24 εκ.  
504 |a Περιλαμβάνει βιβλιογραφικές αναφορές και ευρετήριο. 
650 0 |a Algebras, Linear. 
700 1 |a Δεριζιώτης, Δημήτρης Ι.  |e trl 
765 0 8 |i Μετάφραση του:   |t Linear algebra :  
852 |a INST  |b CHIOS  |e 20090825  |h 512.5 MOR  |p 005200030036  |q 005200030036  |t BK  |y 0 
852 |a INST  |b CHIOS  |e 20090820  |h 512.5 MOR  |p 005200030041  |q 005200030041  |t BK  |y 0 
852 |a INST  |b SAMOS  |e 19941103  |h 512.5 MOR  |p 005300001551  |q 005300001551  |t BK  |y 0 
852 |a INST  |b SAMOS  |e 19941103  |h 512.5 MOR  |p 005300001552  |q 005300001552  |t BK  |y 23 
852 |a INST  |b SAMOS  |e 19941103  |h 512.5 MOR  |p 005300001553  |q 005300001553  |t BK  |y 0 
852 |a INST  |b SAMOS  |e 19941103  |h 512.5 MOR  |p 005300009980  |q 005300009980  |t BK  |y 0 
852 |a INST  |b SAMOS  |e 19941103  |h 512.5 MOR  |p 005300031093  |q 005300031093  |t BK  |y 0 
852 |a INST  |b SAMOS  |e 19941103  |h 512.5 MOR  |p 005300031169  |q 005300031169  |t BK  |y 0 
852 |a INST  |b SAMOS  |e 19941103  |h 512.5 MOR  |p 005300034154  |q 005300034154  |t BK  |y 0 
852 |a INST  |b SAMOS  |e 19941103  |h 512.5 MOR  |p 005300034155  |q 005300034155  |t BK  |y 0 
852 |a INST  |b SAMOS  |e 19941103  |h 512.5 MOR  |p 005300034170  |q 005300034170  |t BK  |y 0 
852 |a INST  |b SAMOS  |e 19941103  |h 512.5 MOR  |p 005300034171  |q 005300034171  |t BK  |y 0 
852 |a INST  |b SAMOS  |c EUDOXUS  |e 20130221  |h 512.5 MOR  |p 005300033413  |q 005300033413  |t EDX  |y 0 
852 |a INST  |b SAMOS  |c MAG  |e 20150728  |h 512.5 MOR  |p 005300042384  |q 005300042384  |t BK  |y 0 
852 |a INST  |b SYROS  |e 20011011  |h 512.5 MOR  |p 005500000973  |q 005500000973  |t BK  |y 0 
852 |a INST  |b SYROS  |e 20011011  |h 512.5 MOR  |p 005500000974  |q 005500000974  |t BK  |y 0 
901 |a BIBL3-2013-1 
901 |a BIBL5-2001-3 
901 |a BIBL2-2009-2 
901 |a BIBL2-2009-2 
920 |a Εύδοξος  |b Παραγγελία  |y Σάμος-ΤΣΑΧΜ  |z 2013-02 
970 |a Σιτζίμη  |b Γιασεμή  |z 28/07/2015